Statistiques concernant Culture Générale - Série 1081

Cliquez ici pour prendre le quiz!

Statistiques générales

  • Ce quiz a été pris 33 fois
  • Le résultat moyen est 5 sur 10

Statistiques - réponses

Question Réponse % Correct
Quel est le chef-lieu du département de la Charente-Maritime ?La Rochelle
85%
Quelle ville allemande abrite la chapelle Palatine, dont la construction a été décidée par Charlemagne ?Aix-la-Chapelle
73%
Dans quelle région viticole française, le Chambolle-Musigny est-il produit ?Bourgogne
64%
Dans la série télévisée "Dallas", comment se prénomme la (première) épouse de J.R. ?Sue Ellen
61%
A quel grand compositeur autrichien du XIXe siècle doit-on "La Truite" et "Le Roi des Aulnes" ?Franz Schubert
61%
Comment surnomma-t-on l'équipe de France de tennis composée de Jean Borotra, René Lacoste, Jean Brugnon et Henri Cochet ?Les Mousquetaires
61%
Quelle grande antilope africaine, qui migre en troupeau, a des cornes de buffle, une tête de boeuf, une barbe de bouc, une crinière et une queue de cheval ?gnou
55%
De quel pays Hamid Karzaï est-il devenu président en 2004 ?Afghanistan
36%
En 1996, quelle actrice américaine incarne Erin Grant dans le film "Striptease" ?Demi Moore
30%
Au XIXe siècle, quel lexicographe, prénommé Emile, est l'auteur d'un "Dictionnaire de la langue française" en cinq volumes ?Émile Littré
21%

Distribution des résultats

Percentile par nombre de réponses

% des personnes avec chaque résultat

Votre développement - résultats

Vous n’avez pas pris ce quiz